Slandering the Sacred: (Record no. 199414)

MARC details
000 -LEADER
fixed length control field 00622nam a22001817a 4500
010 ## - LCCN (DPL NO)
LC control number ENG-138533
020 ## - INTERNATIONAL STANDARD BOOK NUMBER
International Standard Book Number 9788178246390
Terms of availability 795.00
035 ## - SYSTEM CONTROL NUMBER
System control number EN-122065
037 ## - SOURCE OF ACQUISITION
Source of stock number/acquisition DBAB/PUB
082 ## - DEWEY DECIMAL CLASSIFICATION NUMBER
Edition number 1
100 ## - MAIN ENTRY--PERSONAL NAME
Personal name Scott, J. Barton
245 ## - TITLE STATEMENT
Title Slandering the Sacred:
Remainder of title Blasphemy Law and the Shaping of Indian Secularism/
Statement of responsibility, etc By J. Barton Scott
250 ## - EDITION STATEMENT
Edition statement 1
260 ## - PUBLICATION, DISTRIBUTION, ETC. (IMPRINT)
Place of publication, distribution, etc Ranikhet
Name of publisher, distributor, etc Permanent Black
Date of publication, distribution, etc 2023
270 ## - ADDRESS
Address 'Himalayana', Mall Road, Ranikhet Cantt, Ranikhet,
City Ranikhet
State or province Uttaranchal
Postal code 263645
Electronic mail address perblack@gmail.com
300 ## - PHYSICAL DESCRIPTION
Extent 294p.
Dimensions 23cm(hbk)
942 ## - ADDED ENTRY ELEMENTS (KOHA)
Item type English Books
Source of classification or shelving scheme Dewey Decimal Classification
Classification part 340.59
Call number suffix SCO
Edition 1
Holdings
Withdrawn status Lost status Not for loan Collection code Home library Current library Date acquired Source of acquisition Cost, normal purchase price Full call number Barcode Copy number Cost, replacement price Koha item type
      Non-fiction Vinoba Puri Vinoba Puri 04/12/2023 DBAD/PUB 795.00 340.59 SCO EN-122065 1 795.00 English Books

© Delhi Public Library
Hit Counter
free hit counter